Name that pokemon [johto] - Statistics

General Stats
  • This quiz has been taken 367 times
  • The average score is 4 of 10
Answer Stats
Hint Answer % Correct
Legendary Of Silver Lugia
71%
night only flying Hoothoot
70%
Water Pokemon [its a krab] Krabby
59%
Pre Evolution Of Tyranatar Pupitar
59%
Fire starter Cyndaquill
38%
Golds elelectric pokemon from red [manga] Pichu
36%
First elelectric type Mareep
34%
Bug Flying [Kanto] Scyther
27%
Legendary of Gold Oh-Ho
13%
Grass type its name is in a tower Bellsporut
2%
No matching quizzes found
Score Distribution
Percent of People with Each Score
Percentile by Number Answered
Your Score History
You have not taken this quiz